000 00488nam a22001817a 4500
003 NUST - PNEC
005 20170116180824.0
008 150629b xxu||||| |||| 00| 0 eng d
020 _a9780988408432
040 _cLIBRARY
082 _a513.FLA
100 _94255
_aFlansburg Scott
245 _aTurn on The Human Calculator in You Answer Guide:
_c Scott Flansburg
260 _aUSA
_bHuman Calculator
_cc2012.
300 _a56 p. :
650 _94257
_aMath
_xME
942 _2ddc
_cBK
999 _c63820
_d63820